[Event "2nd Silman TNM: u1600"]
[Site "San Francisco"]
[Date "2025.05.20"]
[Round "3.28"]
[White "Sloan, Sacha Marino"]
[Black "Merk, Felix Elias"]
[Result "0-1"]
[WhiteElo "1056"]
[BlackElo "1267"]
[PlyCount "64"]
[GameId "2180539581698312"]
[EventDate "2025.??.??"]

1. e4 c5 2. Nf3 Nc6 3. d4 cxd4 4. Nxd4 g6 5. a3 Bg7 6. Be3 Nf6 7. Nc3 d6 8. h3 O-O 9. Bc4 Bd7 10. Qd2 Nxd4 11. Bxd4 Bc6 12. f3 Qc7 13. Bb3 e6 14. g4 a5 15. h4 h5 16. gxh5 Nxh5 17. Bxg7 Kxg7 18. O-O-O Rfd8 19. Rdg1 b5 20. Qg5 Kf8 21. Ne2 d5 22. Nd4 dxe4 23. Nxe6+ fxe6 24. Qxg6 Nf4 25. Qg8+ Ke7 26. Qh7+ Kd6 27. Rg7 Rh8 28. Rxc7 Rxh7 29. Rxh7 exf3 30. h5 Rf8 31. Rg7 f2 32. h6 Bxh1 0-1

[Event "2nd Silman TNM: u1600"]
[Site "San Francisco"]
[Date "2025.05.20"]
[Round "3.29"]
[White "Vazquez, Dominic A"]
[Black "Turner, Robert"]
[Result "1-0"]
[Annotator "Winslow,Elliott"]
[WhiteElo "1217"]
[BlackElo "1230"]
[PlyCount "55"]
[GameId "2180539581698313"]
[EventDate "2025.??.??"]

1. e4 c5 2. c3 d5 3. exd5 Qxd5 4. d4 e5 $6 (4... Nf6) (4... Nc6) (4... e6) 5. Be3 (5. dxe5 $1 $14) 5... cxd4 6. cxd4 Bb4+ 7. Nc3 Nc6 8. Nf3 Bg4 (8... exd4 9. Nxd4 Nge7 $11 {Black has the nominal plus (-0.16/29, but someone ran it on Stockfish 17.1 to depth 45 and "0.00)}) 9. Be2 Nf6 $6 (9... exd4) (9... Nge7) (9... Bxc3+ 10. bxc3 exd4) 10. O-O $6 (10. dxe5 $1 $14) 10... Qa5 $6 (10... Bxc3 11. bxc3 exd4 $11 12. Bxd4 O-O) 11. Nxe5 $1 $16 Nxe5 $6 (11... Bxe2 12. Qxe2 $1) 12. dxe5 $18 Bxe2 13. Nxe2 $1 Ng4 (13... Qxe5 14. Qa4+ {[%cal Ga4b4]}) 14. Bf4 (14. Bd4) 14... O-O 15. a3 Be7 $6 (15... Bc5 16. b4 Bxf2+ 17. Rxf2 Nxf2 18. Kxf2 $18) 16. Nc3 (16. Qd7 $1 {[%cal Gd7e7,Gd7g4]}) 16... Nxe5 17. Bxe5 $4 (17. b4 $1 Qc7 18. Nd5 Qd6 19. Bxe5 Qxe5 20. Re1) 17... Qxe5 18. Re1 Qd6 $14 (18... Qc5 $11) 19. Qf3 Bf6 20. Rad1 Qb6 21. Re2 Rad8 22. Red2 Rxd2 23. Rxd2 Re8 24. Kf1 Bxc3 25. Qxc3 Qb5+ 26. Qd3 $8 Rd8 $4 27. Qxb5 Rxd2 28. Qe8# 1-0

[Event "2nd Silman TNM: u1600"]
[Site "San Francisco"]
[Date "2025.05.20"]
[Round "3.30"]
[White "Toczyski, David Paul"]
[Black "Hack, Richard"]
[Result "0-1"]
[Annotator "Hack,Richard"]
[WhiteElo "1369"]
[BlackElo "1500"]
[PlyCount "54"]
[GameId "2180539581698314"]
[EventDate "2025.??.??"]

1. e4 c5 2. Nf3 d6 3. d4 cxd4 4. Nxd4 Nf6 5. Nc3 a6 6. h3 e6 7. g4 Be7 8. g5 Nfd7 9. a3 Bxg5 10. Nxe6 fxe6 11. Qh5+ g6 12. Qxg5 Qb6 13. Be2 O-O 14. Rf1 Nc6 15. f4 Nd4 16. Bd1 Qc6 17. Qg2 Nb6 18. Bf3 {The search engine likes 18. h4 and gives it a +0.73.} Nxf3+ 19. Qxf3 d5 20. e5 Nc4 21. Qe2 b5 22. Rf3 Bb7 23. Rd3 d4 24. Rxd4 Qh1+ 25. Qf1 Qh2 26. Ne2 Nxe5 27. Qg1 Nf3+ 0-1

[Event "2nd Silman TNM: u1600"]
[Site "San Francisco"]
[Date "2025.05.20"]
[Round "3.31"]
[White "Otterbach, Renate"]
[Black "Olson, David R"]
[Result "1-0"]
[WhiteElo "1113"]
[BlackElo "1400"]
[PlyCount "49"]
[GameId "2180539581698315"]
[EventDate "2025.??.??"]

1. e4 c5 2. Nc3 Nc6 3. f4 e6 4. Nf3 d6 5. Bb5 Bd7 6. d3 Qc7 7. O-O Be7 8. d4 O-O-O 9. d5 Nb4 10. a3 Bxb5 11. Nxb5 Qb6 12. c4 Na6 13. Be3 Nc7 14. a4 Nxb5 15. axb5 Nf6 16. Bd2 a6 17. Ba5 Qa7 18. Bxd8 Bxd8 19. dxe6 fxe6 20. Ng5 Re8 21. Nf7 Bc7 22. Nxd6+ Bxd6 23. Qxd6 Nxe4 24. b6 Qa8 25. Qc7# 1-0

[Event "2nd Silman TNM: u1600"]
[Site "San Francisco"]
[Date "2025.05.20"]
[Round "3.32"]
[White "Braithwaite, Andrew"]
[Black "Quinn, Dahlia"]
[Result "0-1"]
[WhiteElo "1137"]
[BlackElo "1329"]
[PlyCount "68"]
[GameId "2180539581698316"]
[EventDate "2025.??.??"]

1. e4 e6 2. d4 d5 3. exd5 exd5 4. c4 Nf6 5. Nc3 Bb4 6. Bd3 dxc4 7. Bxc4 O-O 8. Nge2 Qd6 9. O-O Bg4 10. Be3 Nc6 11. Rc1 Rad8 12. Nb5 Qd7 13. f3 Na5 14. fxg4 Nxc4 15. Rxc4 Qxb5 16. Qb3 Rfe8 17. Rxc7 Qd5 18. Qxd5 Nxd5 19. Rfxf7 Nxc7 20. Rxc7 Rxe3 21. Kf2 Rde8 22. Ng3 Be1+ 23. Kg1 Bxg3 24. hxg3 Rf8 25. g5 Rxg3 26. Rxb7 Rxg5 27. Rxa7 Rd5 28. b4 Rxd4 29. b5 Rb4 30. a4 Rff4 31. g3 Rfd4 32. Kf2 Rxa4 33. b6 Rxa7 34. bxa7 Ra4 0-1

[Event "2nd Silman TNM: u1600"]
[Site "San Francisco"]
[Date "2025.05.20"]
[Round "3.33"]
[White "Liu, Eric"]
[Black "Singer, Andrew"]
[Result "0-1"]
[Annotator "Winslow,Elliott"]
[WhiteElo "1307"]
[BlackElo "1051"]
[PlyCount "86"]
[GameId "2180539581698317"]
[EventDate "2025.??.??"]

1. e4 c6 2. d4 d5 3. exd5 cxd5 4. Bd3 Nf6 5. c3 e6 6. Bf4 Bd6 7. Bxd6 Qxd6 8. Nf3 O-O 9. Ne5 Nbd7 10. f4 b6 11. Nd2 a5 12. Qe2 h6 13. g4 Nh7 14. g5 Nxe5 15. fxe5 Qe7 {[#]} 16. Bxh7+ $2 (16. h4 $18) (16. gxh6 Qh4+ 17. Kd1 Qxh6 18. Kc2 $18) 16... Kxh7 $14 17. h4 (17. Qd3+ Kg8 18. gxh6) 17... Ba6 18. Qg4 (18. Qf3 $1) 18... Bd3 $11 19. O-O-O $2 Bf5 $17 20. Qg3 $2 Rg8 $6 (20... h5 $1) 21. Rdg1 $2 h5 $1 $19 22. Qe3 b5 23. Nf1 b4 24. Ng3 Bg6 25. Qf3 bxc3 26. bxc3 Qa3+ 27. Kd1 Rgc8 28. Ne2 Qxa2 29. Ke1 Rcb8 30. Kf2 Qc4 31. Kg3 Rb3 32. Ra1 a4 33. Rhc1 a3 34. Nf4 a2 35. Nxh5 Rb1 36. Raxb1 axb1=Q 37. Rxb1 Bxb1 38. Nxg7 Kxg7 39. Qf6+ Kg8 40. Kg4 Qe2+ 41. Kg3 Bf5 42. g6 Qg4+ 43. Kf2 Ra2+ 0-1

[Event "2nd Silman TNM: u1600"]
[Site "San Francisco"]
[Date "2025.05.20"]
[Round "3.34"]
[White "Kojevnikov, Alexander"]
[Black "Booth, Kyle Ewart Coventry"]
[Result "0-1"]
[WhiteElo "1044"]
[BlackElo "1246"]
[PlyCount "92"]
[GameId "2180539581698318"]
[EventDate "2025.??.??"]

1. e4 c5 2. c3 d5 3. exd5 Nf6 4. Bb5+ Nbd7 5. d4 a6 6. Qa4 Nxd5 7. Nf3 N5b6 8. Bxd7+ Bxd7 9. Qc2 cxd4 10. Nxd4 e5 11. Qe4 Qe7 12. Nf3 Bc6 13. Qe3 Nc4 14. Qe2 Nd6 15. O-O Bb5 16. Qc2 Bxf1 17. Kxf1 f6 18. Be3 Nc4 19. Bc1 Qc7 20. b3 Nd6 21. Ba3 Be7 22. c4 b6 23. Nc3 Qc6 24. Nd5 Nxc4 25. bxc4 Bxa3 26. Qb3 Bc5 27. Rd1 O-O 28. a4 a5 29. Nd2 f5 30. Nb1 Rac8 31. Nbc3 Kh8 32. Nb5 e4 33. Na7 Qe6 34. Nxc8 Rxc8 35. Nc7 Qe5 36. Nd5 Qxh2 37. Nxb6 Qf4 38. Qb2 Re8 39. Nd5 Qg4 40. Rb1 h6 41. Qb5 Bd6 42. Qxe8+ Kh7 43. Ne3 Qh4 44. Rd1 Bc5 45. Rd2 Bb4 46. Rc2 Qh1+ 0-1

[Event "2nd Silman TNM: u1600"]
[Site "San Francisco"]
[Date "2025.05.20"]
[Round "3.38"]
[White "Pirone, John"]
[Black "Cao, Danny Du Uy"]
[Result "1/2-1/2"]
[Annotator "Cao,Danny Du Uy"]
[WhiteElo "1033"]
[BlackElo "1167"]
[PlyCount "136"]
[GameId "2180539581739282"]
[EventDate "2025.??.??"]

1. e4 e6 2. d4 d5 3. e5 c5 4. c3 Qb6 5. Nf3 Bd7 6. Na3 Nc6 (6... cxd4 7. cxd4 Nc6) 7. Nc2 cxd4 8. cxd4 Rc8 (8... Nb4 9. Nxb4 (9. Bd2 Nxc2+ 10. Qxc2 Bb5 11. Bxb5+ Qxb5 12. Qc7) 9... Qxb4+ 10. Bd2 (10. Qd2 Qxd2+ 11. Bxd2) 10... Qxb2) 9. a3 a5 10. Bd3 a4 (10... Nge7) 11. O-O Nge7 {White 1 hr 19 min... Black 1 hr 16 min} 12. Rb1 Nf5 13. Bxf5 exf5 14. Bf4 Be7 15. Qd2 O-O 16. Rfe1 Na5 17. Ne3 Be6 (17... Nc4 18. Nxc4 Rxc4) 18. h4 Nc4 19. Nxc4 Rxc4 (19... dxc4) 20. Qd1 Rfc8 21. Qd3 Qa7 {White 32 min... Black 42 min} 22. Be3 Qb6 23. Re2 Qd8 24. g3 Qb6 {White 19 min... Black 28 min} 25. Qd1 Bd7 26. Ne1 Qg6 {White 16 min... Black 19 min.} 27. Nf3 f4 (27... Bb5) (27... Qg4 28. Nh2) 28. Bxf4 Bg4 {White 13 min... Black 8 min} 29. Kg2 Qh5 30. Qd3 Bf5 {White 10 min ... Black 5 min} 31. Qd1 Bxb1 (31... Qg4 32. Ra1 Qh3+ 33. Kg1) 32. Qxb1 Qg6 33. Qh1 Bd8 34. Qh3 Qe6 35. Qxe6 fxe6 {White 3 min... Black 2 min} 36. g4 Bb6 37. Be3 Rc2 38. Rxc2 Rxc2 39. Ng5 Bd8 (39... Rxb2 40. Nxe6) (39... Rc6) 40. Nxe6 Be7 {White 3 min... Black 1 min} (40... Bxh4 41. g5 Rxb2 (41... h6 42. Kh3) 42. Kh3) 41. Nc5 Rxb2 (41... Bxc5 42. dxc5 Rxb2 43. Kf3 Kf7 44. Kf4 Ke6 45. Bd4 Rb3) 42. Bc1 Rc2 43. Be3 Rc3 44. Nxa4 Rxa3 45. Nc5 b6 46. Nb7 Ra7 47. Nd6 Bxd6 48. exd6 Rd7 (48... Kf7 49. Bf4 (49. Kf3 Ke6 50. Bf4 Ra4 51. Ke3) 49... Ke6 (49... Ra4 50. Be3 Ke6)) 49. Bf4 Kf7 50. Be5 b5 51. Kf3 b4 52. Ke3 g6 53. Kd3 Ke6 54. f4 Rb7 55. Kc2 Ra7 (55... b3+) 56. Kb3 Ra3+ (56... Rb7) (56... Ra1 57. Kxb4) 57. Kxb4 Rh3 58. Kc5 Kd7 59. Kxd5 Rxh4 60. g5 Rg4 61. Kc5 Rg2 62. Kd5 Rh2 {White offered draws around this time... Black declined} 63. Kc5 h6 64. gxh6 Rxh6 65. Kd5 Rh5 66. Kc5 Rf5 (66... g5 67. fxg5 Rxg5 68. Kd5 Rg1 69. Kc5 Rc1+ 70. Kd5) 67. Kd5 Rh5 68. Kc5 Rf5 {Black offers draw... White accepts} 1/2-1/2

[Event "2nd Silman TNM: u1600"]
[Site "San Francisco"]
[Date "2025.05.20"]
[Round "3.39"]
[White "Lee, Yinpok R"]
[Black "Ramos, Jo L Thomas"]
[Result "1-0"]
[Annotator "Winslow,Elliott"]
[WhiteElo "1104"]
[BlackElo "821"]
[PlyCount "89"]
[GameId "2180539581739283"]
[EventDate "2025.??.??"]

1. e4 e6 2. d4 d5 3. Nd2 Nc6 4. Ngf3 Nf6 5. e5 Ne4 $5 (5... Nd7) 6. Bd3 (6. c3 $5) 6... Bb4 7. O-O Ng5 8. c3 Nxf3+ 9. Nxf3 Be7 10. Be3 f6 11. exf6 Bxf6 12. Re1 Bd7 13. Bf4 Be7 14. Ne5 Nxe5 15. Bxe5 Bf6 16. Qh5+ Ke7 17. Re3 Qe8 18. Bxf6+ gxf6 19. Qh4 Qf7 20. Rae1 Rae8 21. Bf5 Kd8 22. Bg4 Kc8 23. Bh5 Qg7 24. Bxe8 Rg8 25. Bxd7+ Kxd7 26. Rg3 Qf7 27. Rxg8 Qxg8 28. Qxf6 Kd6 29. Qf4+ Kd7 30. Re3 Qe8 31. Rf3 Qg6 32. Qf7+ Kd6 33. Qxg6 hxg6 34. Rg3 b6 35. Rxg6 c5 36. h4 a5 37. h5 cxd4 38. cxd4 b5 39. h6 a4 40. h7 b4 41. h8=Q b3 42. Qd8+ Kc6 43. Rxe6+ Kb5 44. Qxd5+ Kb4 45. a3# 1-0

[Event "2nd Silman TNM: Extra Rated"]
[Site "San Francisco"]
[Date "2025.05.20"]
[Round "3"]
[White "Seshadri, Sudarshan"]
[Black "Lewis, Ed"]
[Result "1-0"]
[Annotator "Winslow,Elliott"]
[WhiteElo "2022"]
[BlackElo "1950"]
[PlyCount "55"]
[GameId "2180539581739285"]
[EventDate "2025.??.??"]

1. d4 Nf6 2. Nc3 g6 3. e4 d6 4. Bf4 Bg7 5. Qd2 c6 6. Nf3 Qa5 7. Bd3 Bg4 8. e5 dxe5 9. Nxe5 Be6 10. O-O Nbd7 {[#]} 11. Nb5 Qxd2 12. Nc7+ Kd8 13. Nxe6+ fxe6 14. Bxd2 Nxe5 15. dxe5 Nd7 16. f4 Nc5 17. Bc4 b5 18. Be3 bxc4 19. Bxc5 Rb8 20. b4 Rb7 21. Rad1+ Ke8 22. Rd4 Kf7 23. Rfd1 g5 24. fxg5 Kg6 25. Rd7 Rxd7 26. Rxd7 Bxe5 27. Bd4 Bd6 $4 28. Bxh8 1-0

[Event "2nd Silman TNM: Extra Rated"]
[Site "San Francisco"]
[Date "2025.05.20"]
[Round "3"]
[White "Blum, Paul"]
[Black "Talamantez, Abel"]
[Result "0-1"]
[WhiteElo "1009"]
[BlackElo "1800"]
[PlyCount "86"]
[GameId "2180539581739286"]
[EventDate "2025.??.??"]

1. e4 Nf6 2. e5 Nd5 3. c4 Nb6 4. Nc3 d6 5. d4 dxe5 6. dxe5 Qxd1+ 7. Nxd1 Nc6 8. Nf3 Bg4 9. Bf4 Bxf3 10. gxf3 e6 11. Nc3 Bb4 12. O-O-O Bxc3 13. bxc3 Rd8 14. Rg1 Rxd1+ 15. Kxd1 g6 16. Bd3 Na5 17. c5 Nd5 18. Bd2 Nc6 19. Bb5 Nde7 20. Kc2 O-O 21. h4 Nxe5 22. Rg3 c6 23. Bd3 Nxd3 24. Kxd3 Nf5 25. Rg4 Rd8+ 26. Ke2 Rd5 27. Be3 Nxe3 28. fxe3 Rxc5 29. c4 Ra5 30. Kd3 Rxa2 31. h5 Rh2 32. Rg5 Rxh5 33. Rxh5 gxh5 34. e4 h4 35. Kd4 h3 36. Ke5 h2 37. Kd6 h1=Q 38. Kc7 Qxf3 39. Kb8 Qxe4 40. c5 Kf8 41. Kc8 Ke7 42. Kxb7 Kd7 43. Ka8 Kc7 0-1

[Event "2nd Silman TNM: 2000+"]
[Site "San Francisco"]
[Date "2025.05.27"]
[Round "4.1"]
[White "Heimann, Mark"]
[Black "Smith, Olivia"]
[Result "1-0"]
[WhiteElo "2597"]
[BlackElo "2137"]
[PlyCount "83"]
[GameId "2182568207404345"]
[EventDate "2025.??.??"]

{[%evp 9,83,27,28,30,38,40,42,30,36,33,34,20,22,26,41,42,47,42,43,40,41,39,54,51,57,62,75,65,98,53,141,87,319,324,302,305,328,321,320,308,344,342,377,351,326,227,363,365,405,410,408,400,444,446,451,440,445,429,468,467,519,511,522,514,497,502,521,522,654,487,647,609,695,684,662,633]} 1. Nf3 {[%emt 0:00:02]} d5 {[%emt 0:00:11]} 2. c4 {[%emt 0:00:34]} dxc4 {[%emt 0:00:37]} 3. Qa4+ {[%emt 0:02:46]} Nc6 {[%emt 0:01:50]} 4. e3 {[%emt 0:01:45]} Nf6 {[%emt 0:07:51]} 5. Bxc4 {[%emt 0:00:37]} e6 {[%emt 0:01:42]} 6. Ne5 $146 {[%emt 0:04:47] A09: Réti Opening: 1 Nf3 d5 2 c4.} (6. a3 Bd7 7. Qc2 Na5 8. Be2 c5 9. d3 Bd6 10. Nbd2 O-O 11. b3 Re8 12. Bb2 {1-0 (36) Zhao,X (2506)-Nadirjanova,N (2159) Ha Long City 2009}) 6... Bd7 {[%emt 0:00:36]} 7. Nxd7 {[%emt 0:02:13]} Qxd7 {[%emt 0:00:14]} 8. Bb5 {[%emt 0:09:14] White is slightly better.} Be7 {[%emt 0:05:24]} 9. d4 {[%emt 0:03:02]} O-O {[%emt 0:02:24]} 10. Nc3 {[%emt 0:01:18]} a6 {[%emt 0:02:51]} 11. Bxc6 {[%emt 0:01:28]} Qxc6 {[%emt 0:00:10]} 12. Qxc6 {[%emt 0:00:05] Successful Defense White} bxc6 {[%emt 0:00:03]} 13. Ke2 {[%emt 0:02:59]} c5 {[%emt 0:01:36]} 14. dxc5 {[%emt 0:00:11]} Bxc5 {[%emt 0:00:12]} 15. b3 {[%emt 0:00:30]} Rfd8 {[%emt 0:04:30]} 16. Bb2 {[%emt 0:00:55]} Bb4 {[%emt 0:11:58]} 17. Rhd1 {[%emt 0:02:44]} h5 {[%emt 0:01:52]} 18. Rac1 {[%emt 0:03:33]} a5 {[%emt 0:15:37]} 19. Na4 {[%emt 0:03:47]} (19. Rxd8+ $16 Rxd8 20. Nb1) 19... Ne4 {[%emt 0:05:15] [#]} ({Black should try} 19... Rxd1 $14 20. Rxd1 (20. Kxd1 Rd8+ 21. Kc2 Rd2+ 22. Kb1 Rxf2 $19) 20... Nd5) 20. Bd4 {[%emt 0:04:48]} (20. Rxc7 Rxd1 21. Kxd1 Rd8+ 22. Kc1 (22. Bd4 $2 e5 $19 {[%mdl 64] Pin}) 22... Nxf2 $17) ({White should play} 20. Rxd8+ $1 Rxd8 21. Rc2 (21. Rxc7 $2 Rd2+ 22. Kf1 Rxf2+ 23. Kg1 Re2 $19)) {A mistake that costs the game.} 20... c5 $2 {[%emt 0:03:06]} 21. Bb2 $18 {[%emt 0:00:57]} (21. Nxc5 Nxc5 22. Bxc5 Rxd1 23. Kxd1 Rd8+ 24. Ke2 (24. Bd4 $2 e5 $19 {[%mdl 64] Pin}) 24... Rc8 25. Bxb4 Rxc1 26. Bxa5 Rc2+ 27. Bd2 Rxa2 $17) (21. Bxc5 $2 Rxd1 22. Kxd1 Rd8+ (22... Nxf2+ 23. Ke2 $14) (22... Nxc5 23. Nxc5 Rd8+ 24. Ke2 $11) 23. Ke2 (23. Bd4 $2 e5 $19 {[%mdl 64] Pin}) 23... Rd2+ 24. Kf1 Rxf2+ (24... Nxf2 25. a3 $17) 25. Kg1 Rxa2 26. Bxb4 axb4 $19) 21... c4 {[%emt 0:02:38]} 22. bxc4 {[%emt 0:01:36]} ({Weaker is} 22. Rxc4 Rxd1 23. Kxd1 Rd8+ 24. Rd4 (24. Bd4 $2 e5 $19 {[%mdl 64] Pin}) 24... Nxf2+ 25. Ke2 Rxd4 26. Bxd4 (26. exd4 Ne4 $11) 26... Ne4 $14) 22... Be7 {[%emt 0:03:24]} 23. Bd4 {[%emt 0:07:12]} Rab8 {[%emt 0:01:43]} 24. Bb6 {[%emt 0:01:34][%csl Od8][%mdl 64] [#] Discovered Attack} Rxd1 {[%emt 0:02:43]} 25. Rxd1 {[%emt 0:00:19]} Nc3+ {[%emt 0:00:17]} 26. Nxc3 {[%emt 0:00:05]} Rxb6 {[%emt 0:00:04][%mdl 4096] Endgame KRB-KRN. White is a pawn up.} 27. Nb5 {[%emt 0:00:07] And now Rd7 would win.} Rc6 {[%emt 0:06:26]} (27... Rb7 {is a better defense.} 28. Kd3 g6) 28. Rd7 {[%emt 0:00:36]} Bc5 {[%emt 0:03:11]} 29. Rd8+ {[%emt 0:00:56]} Kh7 {[%emt 0:00:07]} 30. Kd3 {[%emt 0:00:14]} Kg6 {[%emt 0:00:30]} 31. Ra8 {[%emt 0:00:38] White is clearly winning.} e5 {[%emt 0:03:02][%cal Be6e5,Be5e4][%mdl 32]} 32. Rxa5 {[%emt 0:00:27]} f5 {[%emt 0:00:40]} 33. Ra8 {[%emt 0:02:00]} f4 {[%emt 0:02:30]} 34. a4 {[%emt 0:01:20][%cal Ba2a4,Ba4a5,Ba5a6][%mdl 32]} fxe3 {[%emt 0:02:33]} 35. fxe3 {[%emt 0:00:04]} Kf5 {[%emt 0:00:33]} 36. a5 {[%emt 0:00:45]} e4+ {[%emt 0:00:42]} 37. Ke2 {[%emt 0:00:06]} Rg6 {[%emt 0:02:09]} 38. Kf2 {[%emt 0:00:21]} h4 {[%emt 0:04:47]} 39. a6 {[%emt 0:00:12]} h3 {[%emt 0:00:34]} 40. gxh3 {[%emt 0:00:10]} Kg5 {[%emt 0:00:30]} 41. Rc8 {[%emt 0:00:18]} Rf6+ {[%emt 0:00:32]} {Weighted Error Value: White=0.14 (very precise) /Black=0.42} 42. Ke2 {[%emt 0:00:05]} 1-0

[Event "2nd Silman TNM: 2000+"]
[Site "San Francisco"]
[Date "2025.05.27"]
[Round "4.2"]
[White "Heiserman, Jimmy"]
[Black "Suarez, Sebastian"]
[Result "0-1"]
[WhiteElo "2306"]
[BlackElo "2200"]
[PlyCount "124"]
[GameId "2182568207408442"]
[EventDate "2025.??.??"]

{[%evp 17,124,24,19,10,6,0,0,0,0,0,0,0,9,0,6,10,6,7,19,-13,0,-11,10,16,40,49,82,0,19,0,0,0,0,0,1,0,0,0,26,0,0,0,0,0,0,0,0,0,0,0,0,0,0,0,0,0,0,0,0,0,0,-5,-2,-14,-33,-5,0,0,0,0,0,0,0,0,0,0,0,-3,-10,-541,-510,-795,-778,-899,-815,-763,-711,-798,-779,-810,0,-18,-92,-863,-790,-29977,-29980,-29980,-29981,-29981,-29982,-29981,-29982,-29983,-29984,-29986,-29987,-29987,-29987]} 1. e4 {[%emt 0:00:02]} c5 {[%emt 0:00:47]} 2. Nc3 {[%emt 0:00:09]} e6 {[%emt 0:00:09]} 3. Nf3 {[%emt 0:00:12]} a6 {[%emt 0:00:10]} 4. g3 {[%emt 0:00:16]} Nc6 {[%emt 0:01:46]} 5. Bg2 {[%emt 0:00:39]} d6 {[%emt 0:06:03]} 6. d4 {[%emt 0:04:41]} cxd4 {[%emt 0:00:25]} 7. Nxd4 {[%emt 0:00:05]} Bd7 {[%emt 0:00:12]} 8. O-O {[%emt 0:01:15]} Nf6 {[%emt 0:00:48]} 9. Nxc6 {[%emt 0:09:28] 9.Be3 is setting a new trend.} Bxc6 {[%emt 0:00:44]} 10. Bf4 {[%emt 0:00:07][%cal Oc3d5] B80: Sicilian Scheveningen: 6 g3 and 6 Be3, including English Attack.} Qc7 {[%emt 0:04:27]} 11. Re1 {[%emt 0:01:19][%cal Oc3d5]} Be7 {[%emt 0:20:03]} 12. e5 {[%emt 0:00:20] The position is equal.} dxe5 {[%emt 0:00:05]} 13. Bxe5 {[%emt 0:00:04]} Qb6 {[%emt 0:01:24]} 14. Qd4 {[%emt 0:04:59]} Qxd4 {[%emt 0:05:04]} 15. Bxc6+ {[%emt 0:00:59]} Qd7 {[%emt 0:05:28]} 16. Bxd7+ {[%emt 0:00:08]} Kxd7 {[%emt 0:00:05]} 17. Rad1+ $146 {[%emt 0:09:59]} (17. Na4 Kc6 18. c4 Rhd8 19. Rab1 a5 20. a3 b6 21. Red1 Rxd1+ 22. Rxd1 {½-½ (31) Gesicki,J (2234)-Liberadzki,S (1983) Jastrzebia Gora 2019}) 17... Kc6 {[%emt 0:05:54]} 18. Ne4 {[%emt 0:00:12]} Rad8 {[%emt 0:03:55]} 19. Ng5 {[%emt 0:07:57]} Rhf8 {[%emt 0:13:20]} 20. Bd4 {[%emt 0:13:50]} Rd7 {[%emt 0:06:56]} 21. Rd3 {[%emt 0:04:48]} b5 {[%emt 0:02:40]} 22. Red1 {[%emt 0:02:46]} (22. Nf3 $16 {Threatens to win with Ne5+.} Rc7 23. Be5) 22... Ne8 {[%emt 0:17:05]} 23. Be3 {[%emt 0:12:17]} (23. Nxh7 $2 Rh8 24. a4 (24. Rc3+ $2 Kb7 $19) 24... b4 $19 (24... Rxh7 $2 25. axb5+ axb5 26. Ra1 $19)) 23... Rxd3 {[%emt 0:00:29]} 24. Rxd3 {[%emt 0:01:35]} Bxg5 {[%emt 0:00:04]} 25. Bxg5 $11 {[%emt 0:00:05][%mdl 4096] Endgame KRB-KRN} f6 {[%emt 0:00:10]} 26. Bd2 {[%emt 0:00:06]} Rf7 $1 {[%emt 0:00:53]} 27. Rd8 {[%emt 0:00:20]} Nd6 {[%emt 0:00:47]} 28. b3 {[%emt 0:01:52]} Rd7 {[%emt 0:00:17]} 29. Rxd7 {[%emt 0:06:13]} Kxd7 {[%emt 0:00:02] KB-KN} 30. f3 {[%emt 0:00:07]} Kc6 {[%emt 0:00:27]} 31. Kf2 {[%emt 0:00:18]} Kd5 {[%emt 0:00:06]} 32. Ke3 {[%emt 0:00:22]} e5 {[%emt 0:01:41]} 33. Bb4 {[%emt 0:00:34]} f5 {[%emt 0:00:43]} 34. h3 {[%emt 0:03:40]} g6 {[%emt 0:00:47]} 35. g4 {[%emt 0:05:09]} Ne8 {[%emt 0:01:59]} 36. Kd3 {[%emt 0:00:45]} Nd6 {[%emt 0:00:37]} 37. Ke3 {[%emt 0:02:18]} Nb7 {[%emt 0:00:15]} 38. Kd3 {[%emt 0:00:22]} Nc5+ {[%emt 0:00:05]} 39. Ke3 {[%emt 0:00:18]} Ne6 {[%emt 0:00:05]} 40. Be7 {[%emt 0:01:18]} Nd4 {[%emt 0:01:27]} 41. c3 {[%emt 0:00:17]} Ne6 {[%emt 0:00:09]} 42. h4 {[%emt 0:00:27]} a5 {[%emt 0:00:50][%cal Ba6a5,Ba5a4][%mdl 32]} 43. Bf6 {[%emt 0:00:34]} a4 {[%emt 0:00:13]} 44. Be7 {[%emt 0:02:41]} Nf4 {[%emt 0:01:06]} 45. Bg5 {[%emt 0:00:06]} Ne6 {[%emt 0:00:07] and ...f4+ would now be decisive} 46. Be7 {[%emt 0:00:06]} h5 {[%emt 0:00:24]} 47. gxh5 {[%emt 0:00:18]} gxh5 {[%emt 0:00:02]} 48. Bf6 $2 {[%emt 0:00:40][%mdl 8192]} (48. Bb4 $11) 48... Nc5 $19 {[%emt 0:01:13]} 49. c4+ {[%emt 0:00:18]} (49. bxa4 $142 f4+ (49... Nxa4 50. Kd3 $17) (49... bxa4 50. Kd2 $15) 50. Kd2 Nxa4 (50... bxa4 51. Be7 $11) 51. Bg5) 49... Ke6 $1 {[%emt 0:00:37]} ({Worse is} 49... bxc4 50. bxc4+ Ke6 51. Bd8 $11) 50. Bg7 {[%emt 0:00:58]} f4+ {[%emt 0:01:41]} ({Weaker is} 50... axb3 51. axb3 f4+ 52. Ke2 $17) 51. Kf2 {[%emt 0:01:39]} bxc4 {[%emt 0:00:44]} 52. bxc4 {[%emt 0:00:07]} Kf7 {[%emt 0:00:08]} 53. Bh8 {[%emt 0:00:30]} Kg8 $2 {[%emt 0:00:21]} (53... Nd7 $19 {( -> ...Kg8)} 54. c5 Nxc5) 54. Bf6 $11 {[%emt 0:00:04]} Kf7 {[%emt 0:00:06]} 55. Bh8 {[%emt 0:00:04][%mdl 8192]} (55. Bd8 $17) 55... Nd7 $19 {[%emt 0:01:04]} 56. Ke2 {[%emt 0:00:55]} Kg8 {[%emt 0:00:02][%mdl 64] Trapped Piece. Black mates.} 57. c5 {[%emt 0:00:05]} Kxh8 {[%emt 0:00:09]} 58. c6 {[%emt 0:00:05] [#]} Nb6 $1 {[%emt 0:00:16]} 59. Kd3 {[%emt 0:00:18]} Kg7 {[%emt 0:00:01]} 60. Kc3 {[%emt 0:00:09]} Kf6 {[%emt 0:00:12]} 61. Kb4 {[%emt 0:00:03] [#]} e4 $1 {[%emt 0:00:34]} 62. Kc5 {[%emt 0:00:35]} (62. fxe4 f3) {Weighted Error Value: White=0.58/Black=0.20 (precise)} 62... Nc8 {[%emt 0:00:10]} 0-1